Eradicating rural poverty in Bangladesh : strategy for empowerment /

Bibliographic Details
Main Author: Saha, Bimal Kumar
Corporate Authors: Centre for Policy Dialogue (Bangladesh), South Asia Centre for Policy Studies
Other Authors: Khundker, Nasreen
Format: Book
Language:English
Published: Dhaka : Centre for Policy Dialogue, 2010.
Series:CPD-SACEPS monograph series ; 6
Subjects:
Classic Catalogue: View this record in Classic Catalogue
LEADER 01980nam a2200409 a 4500
001 16699452
005 20250304133858.0
008 110321s2010 bg b 000 0 eng
010 |a  2011321301 
020 |a 9789848946022 
025 |a B-E-2011-321301; 22-91 
037 |b Library of Congress -- New Delhi Overseas Office 
040 |a DLC  |c DLC  |d DLC 
042 |a lcode  |a pcc 
043 |a a-bg--- 
050 0 0 |a HC440.8.Z9  |b P6386 2010 
082 |a 339.46095492  |2 23 
100 1 |a Saha, Bimal Kumar.  |9 57887 
245 1 0 |a Eradicating rural poverty in Bangladesh :  |b strategy for empowerment /  |c Bimal Kumar Saha, Nasreen Khundker. 
260 |a Dhaka :  |b Centre for Policy Dialogue,  |c 2010. 
300 |a xv, 110 pages ;  |c 24 cm. 
490 0 |a CPD-SACEPS monograph series ;  |v 6 
500 |a "South Asia Centre for Policy Studies." 
504 |a Includes bibliographical references. 
541 |a Complimentary copy from The Centre for Policy Dialogue (CPD)  |e 44205, 44206 
650 0 |a Poverty  |z Bangladesh. 
650 0 |a Economic development  |z Bangladesh. 
650 0 |a Rural development  |z Bangladesh. 
650 0 |a Rural poor  |z Bangladesh. 
700 1 |a Khundker, Nasreen. 
710 2 |a Centre for Policy Dialogue (Bangladesh) 
710 2 |a South Asia Centre for Policy Studies.  |9 51095 
830 |a CPD-SACEPS monograph series ;  |v 6  |9 57886 
942 |2 ddc  |c BK 
999 |c 47252  |d 47252 
952 |0 0  |1 0  |2 ddc  |4 0  |6 339_460954920000000_SAH  |7 0  |9 77438  |a BRACUL  |b BRACUL  |c GEN  |d 2025-03-04  |e Complimentary copy from The Centre for Policy Dialogue (CPD)  |g 280.00  |l 0  |o 339.46095492 SAH  |p 3010044205  |r 2025-03-04  |t 1  |w 2025-03-04  |y BK  |x Complimentary copy from The Centre for Policy Dialogue (CPD) 
952 |0 0  |1 0  |2 ddc  |4 0  |6 339_460954920000000_SAH  |7 0  |9 77439  |a BRACUL  |b BRACUL  |c GEN  |d 2025-03-04  |e Complimentary copy from The Centre for Policy Dialogue (CPD)  |g 280.00  |l 0  |o 339.46095492 SAH  |p 3010044206  |r 2025-03-04  |t 2  |w 2025-03-04  |y BK  |x Complimentary copy from The Centre for Policy Dialogue (CPD)